| 000 | 00507nam a2200169 4500 | ||
|---|---|---|---|
| 001 | 120703 | ||
| 003 | ES-MaACL | ||
| 005 | 20230906191614.0 | ||
| 007 | t| | ||
| 008 | 070214s1958 sp r ||||1| spa d | ||
| 100 | 1 |
_aPoli, François. _992817 |
|
| 245 | 1 | 0 |
_aPesca de tiburones / _cFrançois Poli ; traducción de C. Díaz Andrés. |
| 260 |
_aBarcelona : _bHispano Europea, _c1958. |
||
| 300 |
_a220 p., 16 lám. ; _c20 cm. |
||
| 700 | 1 |
_aDíaz Andrés, C. _944173 |
|
| 852 |
_aES-MaACL _jC-15489 _bR.43666 |
||
| 999 |
_c120703 _d120703 |
||